Statistics for Fast Typing 15 Most Populous U.S Cities

Click here to take the quiz!

General Stats

  • This quiz has been taken 475 times
  • The average score is 8 of 15

Answer Stats

RankPopulationAnswer% Correct
18,405,837New York City
98%
23,884,307Los Angeles
89%
32,718,782Chicago
85%
42,195,914Houston
74%
91,257,676Dallas
73%
14837,442San Francisco
66%
81,355,896San Diego
58%
51,553,165Philadelphia
51%
71,409,019San Antonio
47%
61,513,367Phoenix
45%
11885,400Austin
37%
10998,537San Jose
34%
13842,583Jacksonville
20%
15822,553Columbus
17%
12843,393Indianapolis
17%

Score Distribution

Percentile by Number Answered

Percent of People with Each Score

Your Score History

You have not taken this quiz